PATTERNS DEFECTS AND MATERIALS INSTABILITIES (Record no. 575321)
[ view plain ]
| 000 -LEADER | |
|---|---|
| fixed length control field | 00443nam a22001337a 4500 |
| 020 ## - INTERNATIONAL STANDARD BOOK NUMBER | |
| International Standard Book Number | 0-7923-0753-4 |
| 082 ## - DEWEY DECIMAL CLASSIFICATION NUMBER | |
| Classification number | 530.41 PAT'W |
| 100 ## - MAIN ENTRY--PERSONAL NAME | |
| Personal name | WELGRALF, D, GHONIEN, N. M |
| 9 (RLIN) | 67579 |
| 245 ## - TITLE STATEMENT | |
| Title | PATTERNS DEFECTS AND MATERIALS INSTABILITIES |
| 260 ## - PUBLICATION, DISTRIBUTION, ETC. | |
| Place of publication, distribution, etc. | LONDON |
| Name of publisher, distributor, etc. | KLUWAR |
| Date of publication, distribution, etc. | 1990 |
| 300 ## - PHYSICAL DESCRIPTION | |
| Extent | 393P |
| 650 ## - SUBJECT ADDED ENTRY--TOPICAL TERM | |
| Topical term or geographic name entry element | CHAOTIC BEHAVIOR IN SYSTEM CONGRESSES SPACE AND TIME CONGRESSES FLUCTUATION PHYSICS CONGRESSES MATERIALS CONGRESSES |
| 9 (RLIN) | 67580 |
| 942 ## - ADDED ENTRY ELEMENTS (KOHA) | |
| Koha item type | Book |
| Withdrawn status | Lost status | Damaged status | Not for loan | Permanent Location | Current Location | Shelving location | Date acquired | Total Checkouts | Full call number | Barcode | Date last seen | Price effective from | Koha item type |
|---|---|---|---|---|---|---|---|---|---|---|---|---|---|
| College of Electrical & Mechanical Engineering (CEME) | College of Electrical & Mechanical Engineering (CEME) | General Stacks | 08/01/2017 | 530.41 PAT'W | CEME-27619 | 06/28/2021 | 06/28/2021 | Book |
